Jednání, diskurs, kritika : myslet společnost

Saved in:
Bibliographic Details
Main Author Nohejl, Marek, 1975- (Author)
Format Book
LanguageCzech
Published Praha : Sociologické nakladatelství, 2007
EditionVyd. 1.
SeriesStudie (Sociologické nakladatelství)
Subjects
ISBN9788086429717
Physical Description242 s. ; 23 cm

Cover

LEADER 00000cam a2200000 a 4500
001 50473
003 CZ-ZlUTB
005 20190826001349.0
007 ta
008 070405s2007 xr f 001 0 cze
020 |a 9788086429717  |q (brož.) :  |c Kč 275,00 
035 |a (OCoLC)188555046 
040 |a ABA001  |b cze  |d ZLD002 
041 0 |a cze  |b eng 
072 7 |a 316.4/.7  |x Sociální interakce. Sociální komunikace  |2 Konspekt  |9 18 
080 |a 316.3  |2 MRF 
080 |a 17.021.1  |2 MRF 
080 |a 316  |2 MRF 
080 |a 316.772.4  |2 MRF 
080 |a 162  |2 MRF 
080 |a 17  |2 MRF 
080 |a 316.257  |2 MRF 
080 |a (048.8)  |2 MRF 
100 1 |a Nohejl, Marek,  |d 1975-  |7 xx0000116  |4 aut 
245 1 0 |a Jednání, diskurs, kritika :  |b myslet společnost /  |c Marek Nohejl 
246 3 0 |a Myslet společnost 
250 |a Vyd. 1. 
260 |a Praha :  |b Sociologické nakladatelství,  |c 2007 
300 |a 242 s. ;  |c 23 cm 
490 1 |a Studie ;  |v sv. 47 
504 |a Obsahuje bibliografii, bibliografické odkazy a rejstříky 
546 |a Anglické resumé 
650 0 7 |a společnost  |7 ph116245  |2 czenas 
650 0 7 |a jednání  |7 ph121337  |x sociologické aspekty  |2 czenas 
650 0 7 |a interpersonální komunikace  |7 ph121153  |2 czenas 
650 0 7 |a argumentace  |7 ph118600  |x etické a morální aspekty  |2 czenas 
650 0 7 |a kritická teorie  |7 ph121960  |2 czenas 
653 0 |a diskurs 
653 0 |a diskursivní etika 
655 7 |a studie  |7 fd133597  |2 czenas 
830 0 |a Studie (Sociologické nakladatelství)  |0 s 
910 |a ZLD002 
928 1 |a Sociologické nakladatelství (SLON) 
952 |0 0  |1 0  |4 0  |6 3166NOHEJLM  |7 0  |8 BOOK  |9 90472  |a UTBZL  |b UTBZL  |c 005  |d 2009-01-08  |l 0  |o 316.6/NOHEJL,M.  |p 420010121901  |r 2019-08-26 00:00:00  |v 275.00  |w 2019-08-26  |x N: nákup | 20100831  |y 01 
952 |0 0  |1 0  |4 0  |6 3166NOHEJLM  |7 0  |8 BOOK  |9 90473  |a UTBZL  |b UTBZL  |c 006  |d 2009-01-08  |l 5  |o 316.6/NOHEJL,M.  |p 420010121902  |r 2019-08-26 00:00:00  |v 275.00  |w 2019-08-26  |x N: nákup | 20100831  |y 04 
992 |a BK  |b SK  |d 5 
901 |b 9788086429717  |f 1. vyd.  |o 20070824 
999 |c 50473  |d 50473